Datum a čas kvízu
36
Celkem bodů
Celkový počet nahraných bodů na tomto kvízu bez doplňovacích otázek.
4.
Pořadí na kvízu
Konečné umístění týmu na tomto kvízu.
Zaznamenané odpovědi
| # | Otázka | Odpověď | Body | Výsledky |
|---|---|---|---|---|
| 1. | Kterého současného ministra si... | Petra Macinku | 1 | |
| 2. | Média minulý týden informovala... | D) buddhistického mnicha | 1 | |
| 3. | Na TV Prima má končit jistá ta... | 7 pádů Honzy Dědka | 1 | |
| 4. | V sobotu v Montrealu proběhla... | striptérky | 0 | |
| 5. | Tento úspěšný španělský fotbal... | Guardiola; Manchester City | 0 | |
| 6. | Téma začneme blbounem nejapným... | Nizozemci (Holanďané) | 0 | |
| 7. | Na které fotografii je tetluch... | A) | 1 | |
| 8. | Pro označení osla se dnes v an... | ass | 1 | |
| 9. | U ptáků ještě zůstaneme. Pica... | straka | 1 | |
| 10. | Poslední název je spíše roztom... | střevíčník pantoflíček | 1 |